Peer Gynt /
MARC
| LEADER | 00000nam a2200000 i 4500 | ||
|---|---|---|---|
| 001 | 25184 | ||
| 003 | Arxiu | ||
| 005 | 20260324180727.0 | ||
| 008 | 210412e202104 spc 000 d cat|c | ||
| 017 | |a DL B 3348-2021 |b Biblioteca de Catalunya | ||
| 020 | |a 9788498039696 | ||
| 020 | |a 9788418022814 | ||
| 035 | |a (ES-BaCBU).b75233344 | ||
| 040 | |a ES-BaIT |b cat |e rda |c ES-BaIT | ||
| 041 | 1 | |a cat |h nor | |
| 080 | |a 839.6-2"18" | ||
| 100 | 1 | |a Ibsen, Henrik, |d 1828-1906 |e autor |9 35381 | |
| 240 | 1 | 0 | |a Peer Gynt. |l Català |
| 245 | 1 | 0 | |a Peer Gynt / |c Henrik Ibsen ; traducció Joan Sellent i Anne-Lise Cloetta ; pròleg d'Enric Gallén |
| 264 | 1 | |a Barcelona: |b Institut del Teatre ; |b Comanegra, |c abril del 2021 | |
| 300 | |a 340 pàgines ; |c 19 cm | ||
| 336 | |a text |b txt |2 rdacontent | ||
| 337 | |a sense mediació |b n |2 rdamedia | ||
| 338 | |a volum |b nc |2 rdacarrier | ||
| 490 | 1 | |a Drama-ticles. Repertori teatral ; |v 25 | |
| 520 | |a "Un jove aventurer temerari i irresponsable, amb anhels de fer alguna cosa important a la vida, manté, al llarg dels anys, una relació de permanent conflicte amb el seu entorn. Lluitarà per trobar-se a si mateix entre dos mons: l'humà i el sobrenatural. El poema dramàtic Peer Gynt s’inspira en la tradició escandinava i combina elements del realisme modern amb la presència d’éssers meravellosos i fantàstics. Més d’un segle i mig després de la seva concepció, ha esdevingut un mite al voltant de la identitat i el sentit de la vida, que ha arribat més enllà del gènere teatral gràcies a la composició musical d'Edvard Grieg." -- Contracoberta | ||
| 700 | 1 | |a Sellent, Joan, |d 1948- |e traductor |9 53399 | |
| 700 | 1 | |a Cloetta, Anne-Lise, |e traductor | |
| 700 | 1 | |a Gallén, Enric |e escriptor d'un pròleg |9 34610 | |
| 710 | 2 | |a Institut del Teatre (Barcelona, Catalunya), |e entitat editora |9 52662 | |
| 830 | 0 | |a Dramaticles. |p Repertori teatral ; |v 25 | |
| 907 | |a .b75233344 |b 08-06-21 |c 12-04-21 |d 12-06-21 |e m |f a |g - |h cat |i spc |j 0 |k 0 | ||
| 908 | |a CDMAE |a BAB | ||
| 940 | |a CDMAE | ||
| 942 | |2 udc |c ARXIU |n 1 | ||
| 952 | |0 0 |1 0 |2 udc |4 0 |6 BIB455 |7 1 |9 61039 |a Arxiu |b Arxiu |d 2022-03-01 |l 0 |o Bib-455 |p 25184 |r 2022-03-01 00:00:00 |w 2022-03-01 |y ARXIU | ||
| 999 | |c 81163 |d 81163 | ||